Регионална библиотека "Любен Каравелов" - Русе

Тристайните апартаменти изпревариха двустайните, жилищата растат и в градовете, и в селата (Запис номер 547483)

MARC детайли
000 -Лидер
Лидер 01046aaa a2200253 a 4500
003 - Код на организацията, давaща контролен номер
Код на организацията, даваща контролен номер BLK
005 - Дата и час на последна редакция
Дата и час на последна редакция 20250730152110.0
007 - Фиксирано поле за физическо описани
Физическо описание ta
008 - Елементи от данни с фиксирана дължина
Елементи с фиксирана дължина 221104b bu |||||r|||| 00| | bu d
040 ## - Източник на каталожния запис
Код на библиотеката BLK
041 ## - Код за език
Език Български
Език за КДБФ Български
080 ## - УДК
УДК текст Търговия с жилища. Вж и 336.2 ; 339.14 ; 347.4
УДК код 332.85
УДК – код + определител 332.85(497.215)
100 ## - Редна дума - Автор
R(LIN) 293092
Автор Гецов, Петър Стефанов
245 ## - Сведения за заглавието
Заглавие Тристайните апартаменти изпревариха двустайните, жилищата растат и в градовете, и в селата
Авторска отговорност Петър Гецов
300 ## - Физическа характеристика
Брой страници с. 2
520 ## - Забележка за наличие на резюме, анотация и т.н
Анотация, рецензия Данни на Националния статистически институт
653 ## - Ключова дума – ненормативна
9 (RLIN) 186646
Ключови думи жилища
653 ## - Ключова дума – ненормативна
9 (RLIN) 186649
Ключови думи жилищен фонд
653 ## - Ключова дума – ненормативна
9 (RLIN) 197347
Ключови думи статистика
773 0# - Описание на основна библиографска единица при аналитични записи (многотомни)
Заглавие на източника Утро, № 140, 30 юли 2025
Контролен номер на записа 524478
Информация за връзката . //
856 ## - Електронен адрес и достъп
Инструкция (цена за достъп) 0.00
Права за достъп disable
942 ## - АРТИКУЛИ
Източник на класификационната схема Universal Decimal Classification
Вид на библиотечния документ Статия
Скрит в OPAC Не
944 ## - СЪЗДАВАНЕ И РЕДАКЦИЯ на ЗАПИСА
Дата на регистрацията/редакция Валя Йорданова
Служител, извършил регистрацията/редакцията 30558
Номер на служител Валя Йорданова
Създаване/Редакция
999 ## - СИСТЕМНИ КОНТРОЛНИ НОМЕРА
Koha biblionumber 547483
Koha biblioitemnumber 547483

Няма налични копия.

Vip Innovations Ltd, Rousse, Bulgaria 2025